• 首页
  • 本馆介绍
  • 公告通知
  • 最新文献
  • 馆藏检索
  • 电子资源
  • 读者导购
  • 参考咨询
  • 我的图书馆
  • 登录
  • 详细信息显示
  • 放入我的书架
  • 预约/预借图书
  • 作者相关作品
  • 分类相关作品
  • 丛书相关作品
  • 出版社相关作品

书目信息

  • 表格格式
  • 工作单格式
  • 卡片格式
题名:
首都市民健康膳食指导
    
 
作者: 蔡赴朝 , 丁向阳 编
分册:  
出版信息: 北京   中国协和医科大学出版社  2008
页数: 88页
开本: 21cm
丛书名:
单 册:
中图分类: R151.4 , R151.3
科图分类:
主题词: 饮食营养学--基本知识 , 饮食营养学
电子资源:
ISBN: 978-7-81072-992-5
000 00877nam0 2200253 450
001 1571691960
005 20150129195521.73
010    @a978-7-81072-992-5@dCNY8.00
100    @a20090325d2008 em y0chiy50 ea
101 0  @achi
102    @aCN@b110000
105    @aa z 000yy
200 1  @a首都市民健康膳食指导@9shou du shi min jian kang shan shi zhi dao@f蔡赴朝,丁向阳主编@g北京市人民政府[编]
210    @a北京@c中国协和医科大学出版社@d2008
215    @a88页@c图@d21cm
330    @a本书内容包括:营造和养护我们的身体和健康、健康膳食四大要素、健康膳食八大支柱、健康膳食三大注意、健康膳食五项行动。
606 0  @a饮食营养学@x基本知识
606 0  @a饮食营养学
690    @aR151.4@v5
690    @aR151.3@v4
701  0 @a蔡赴朝@9cai fu chao@f(1951~)@4编
701  0 @a丁向阳@9ding xiang yang@f(1959~)@4主编
801  0 @aCN@bTSSF@c20150129
905    @aZUCC@dR151.3@eJY361
    
    首都市民健康膳食指导/蔡赴朝,丁向阳主编/北京市人民政府[编].-北京:中国协和医科大学出版社,2008
    88页:图;21cm
    
    
    ISBN 978-7-81072-992-5:CNY8.00
    本书内容包括:营造和养护我们的身体和健康、健康膳食四大要素、健康膳食八大支柱、健康膳食三大注意、健康膳食五项行动。
●
相关链接 在E读中查询图书 在五车中查询图书 在当当中查询图书 在豆瓣中查询图书


正题名:首都市民健康膳食指导     索取号:R151.3/JY361         预约/预借

序号 登录号 条形码 馆藏地/架位号 状态 备注
1 7862914   278629147   学院路分馆/ [索取号:R151.3/JY361] 在馆    
2 7862915   278629156   学院路分馆/ [索取号:R151.3/JY361] 在馆    
3 7862916   278629165   学院路分馆/ [索取号:R151.3/JY361] 在馆    
唐山师范学院图书馆 欢迎您!
大连网信软件有限公司© 版权所有